Zatmenie Slnka a Mesiaca

Bibliographic Details
Main Author: Rybanský, Milan (Author)
Format: Article
Language:Slovak
PhysicalDescription:Tb. 4. Fot. 1. Obr. 1.
Subjects:

MARC

LEADER 00000nab a2200000 a 4500
001 vtls000146125
003 SK-MaSNL
005 20260303025422.0
008 111031c1983 xo 0 slo
015 |a SNBRA19rr/mm-uuuuu 
035 |a CL0156232 
040 |a SNKBUCL  |b slo  |c SNKBUCL  |e AACR2 
041 0 |a slo 
044 |a xo  |c SK 
080 |a 521.81"1983"  |2 1981 
100 1 |a Rybanský, Milan  |4 aut  |9 709305 
245 1 0 |a Zatmenie Slnka a Mesiaca  |c Milan Rybanský 
300 |b Tb. 4. Fot. 1. Obr. 1. 
651 7 |a Mesiac (prirodzený satelit Zeme)  |2 snkbucl  |9 207345 
651 7 |a Slnko (hviezda)  |2 snkbucl  |9 56746 
655 7 |a články zo zborníkov  |2 snkbucl  |9 166140 
773 0 |t Astronomická ročenka  |d Bratislava : Obzor, 1983  |g S. 142-144 
850 |a Slovenská národná knižnica v Martine  |a MTA001 
852 |a SNK  |b KIS3GCP 
958 |a RK 
992 |a RZB 
999 |c 1646170  |d 1648100